<?xml version="1.0" encoding="UTF-8"?>
<record
    xmlns:xsi="http://www.w3.org/2001/XMLSchema-instance"
    xsi:schemaLocation="http://www.loc.gov/MARC21/slim http://www.loc.gov/standards/marcxml/schema/MARC21slim.xsd"
    xmlns="http://www.loc.gov/MARC21/slim">

  <leader>02389    a2200349   4500</leader>
  <controlfield tag="003">NALT</controlfield>
  <controlfield tag="005">20240312085334.0</controlfield>
  <controlfield tag="008">240311b        th ||||| |||| 00| 0 tha d</controlfield>
  <datafield tag="020" ind1=" " ind2=" ">
    <subfield code="a">9786160046805</subfield>
  </datafield>
  <datafield tag="040" ind1=" " ind2=" ">
    <subfield code="a">NALT</subfield>
  </datafield>
  <datafield tag="041" ind1="0" ind2=" ">
    <subfield code="a">thaeng</subfield>
  </datafield>
  <datafield tag="050" ind1=" " ind2=" ">
    <subfield code="a">DS 578.32</subfield>
    <subfield code="b">&#xE17;622&#xE21; 2566</subfield>
  </datafield>
  <datafield tag="245" ind1="0" ind2="0">
    <subfield code="a">&#xE21;&#xE2B;&#xE32;&#xE08;&#xE31;&#xE01;&#xE23;&#xE35;&#xE2A;&#xE34;&#xE23;&#xE34;&#xE19;&#xE17;&#xE23; : </subfield>
    <subfield code="b">&#xE1E;&#xE34;&#xE1E;&#xE34;&#xE18;&#xE2A;&#xE34;&#xE23;&#xE34;&#xE19;&#xE18;&#xE23; /</subfield>
    <subfield code="c">&#xE40;&#xE23;&#xE35;&#xE22;&#xE1A;&#xE40;&#xE23;&#xE35;&#xE22;&#xE07; &#xE1D;&#xE48;&#xE32;&#xE22;&#xE27;&#xE34;&#xE0A;&#xE32;&#xE01;&#xE32;&#xE23;&#xE2A;&#xE16;&#xE32;&#xE1E;&#xE23;&#xE1A;&#xE38;&#xE4A;&#xE04;&#xE2A;&#xE4C; ; &#xE41;&#xE1B;&#xE25; &#xE1E;&#xE35;&#xE23;&#xE34;&#xE22;&#xE32; &#xE1E;&#xE07;&#xE29;&#xE4C;&#xE2A;&#xE32;&#xE23;&#xE34;&#xE01;&#xE31;&#xE19;, John Viano ; &#xE20;&#xE32;&#xE1E;&#xE1B;&#xE01; &#xE40;&#xE09;&#xE25;&#xE34;&#xE21; &#xE2D;&#xE31;&#xE04;&#xE04;&#xE30;&#xE1E;&#xE39; ; &#xE20;&#xE32;&#xE1E;&#xE1B;&#xE23;&#xE30;&#xE01;&#xE2D;&#xE1A; &#xE27;&#xE34;&#xE20;&#xE32;&#xE27;&#xE35; &#xE08;&#xE31;&#xE19;&#xE17;&#xE23;&#xE27;&#xE07;&#xE28;&#xE4C;.</subfield>
  </datafield>
  <datafield tag="246" ind1="1" ind2="4">
    <subfield code="a">&#xE1E;&#xE34;&#xE1E;&#xE34;&#xE18;&#xE2A;&#xE34;&#xE23;&#xE34;&#xE19;&#xE18;&#xE23; = </subfield>
    <subfield code="b">The Museums of Sirindhorn.</subfield>
  </datafield>
  <datafield tag="246" ind1="1" ind2="8">
    <subfield code="a">&#xE0A;&#xE38;&#xE14; &#xE21;&#xE2B;&#xE32;&#xE08;&#xE31;&#xE01;&#xE23;&#xE35;&#xE2A;&#xE34;&#xE23;&#xE34;&#xE19;&#xE18;&#xE23; &#xE40;&#xE25;&#xE48;&#xE21; 7 &#xE1E;&#xE34;&#xE1E;&#xE34;&#xE18;&#xE2A;&#xE34;&#xE23;&#xE34;&#xE19;&#xE18;&#xE23;.</subfield>
  </datafield>
  <datafield tag="250" ind1=" " ind2=" ">
    <subfield code="a">&#xE1E;&#xE34;&#xE21;&#xE1E;&#xE4C;&#xE04;&#xE23;&#xE31;&#xE49;&#xE07;&#xE41;&#xE23;&#xE01;.</subfield>
  </datafield>
  <datafield tag="260" ind1=" " ind2=" ">
    <subfield code="a">&#xE01;&#xE23;&#xE38;&#xE07;&#xE40;&#xE17;&#xE1E;&#xE2F; :</subfield>
    <subfield code="b">&#xE2A;&#xE16;&#xE32;&#xE1E;&#xE23;&#xE1A;&#xE38;&#xE4A;&#xE04;&#xE2A;&#xE4C;,</subfield>
    <subfield code="c">2566.</subfield>
  </datafield>
  <datafield tag="300" ind1=" " ind2=" ">
    <subfield code="a">47 &#xE2B;&#xE19;&#xE49;&#xE32; :</subfield>
    <subfield code="b">&#xE20;&#xE32;&#xE1E;&#xE1B;&#xE23;&#xE30;&#xE01;&#xE2D;&#xE1A; ;</subfield>
    <subfield code="c">25 &#xE0B;&#xE21;.</subfield>
  </datafield>
  <datafield tag="490" ind1=" " ind2="0">
    <subfield code="a">&#xE0A;&#xE38;&#xE14; &#xE21;&#xE2B;&#xE32;&#xE08;&#xE31;&#xE01;&#xE23;&#xE35;&#xE2A;&#xE34;&#xE23;&#xE34;&#xE19;&#xE18;&#xE23;</subfield>
  </datafield>
  <datafield tag="500" ind1=" " ind2=" ">
    <subfield code="a">&#xE2B;&#xE19;&#xE31;&#xE07;&#xE2A;&#xE37;&#xE2D;&#xE2A;&#xE2D;&#xE07;&#xE20;&#xE32;&#xE29;&#xE32; (Thai-English)</subfield>
  </datafield>
  <datafield tag="600" ind1="0" ind2="4">
    <subfield code="a">&#xE40;&#xE17;&#xE1E;&#xE23;&#xE31;&#xE15;&#xE19;&#xE23;&#xE32;&#xE0A;&#xE2A;&#xE38;&#xE14;&#xE32;&#xE2F; &#xE2A;&#xE22;&#xE32;&#xE21;&#xE1A;&#xE23;&#xE21;&#xE23;&#xE32;&#xE0A;&#xE01;&#xE38;&#xE21;&#xE32;&#xE23;&#xE35;,</subfield>
    <subfield code="c">&#xE2A;&#xE21;&#xE40;&#xE14;&#xE47;&#xE08;&#xE1E;&#xE23;&#xE30;&#xE01;&#xE19;&#xE34;&#xE29;&#xE10;&#xE32;&#xE18;&#xE34;&#xE23;&#xE32;&#xE0A;&#xE40;&#xE08;&#xE49;&#xE32; &#xE01;&#xE23;&#xE21;&#xE2A;&#xE21;&#xE40;&#xE14;&#xE47;&#xE08;&#xE1E;&#xE23;&#xE30;,</subfield>
    <subfield code="d">2498-</subfield>
    <subfield code="x">&#xE1E;&#xE23;&#xE30;&#xE23;&#xE32;&#xE0A;&#xE01;&#xE23;&#xE13;&#xE35;&#xE22;&#xE01;&#xE34;&#xE08; </subfield>
    <subfield code="9">63317</subfield>
  </datafield>
  <datafield tag="600" ind1="0" ind2="4">
    <subfield code="a">&#xE40;&#xE17;&#xE1E;&#xE23;&#xE31;&#xE15;&#xE19;&#xE23;&#xE32;&#xE0A;&#xE2A;&#xE38;&#xE14;&#xE32;&#xE2F; &#xE2A;&#xE22;&#xE32;&#xE21;&#xE1A;&#xE23;&#xE21;&#xE23;&#xE32;&#xE0A;&#xE01;&#xE38;&#xE21;&#xE32;&#xE23;&#xE35;, </subfield>
    <subfield code="c">&#xE2A;&#xE21;&#xE40;&#xE14;&#xE47;&#xE08;&#xE1E;&#xE23;&#xE30;,</subfield>
    <subfield code="d">2498-</subfield>
    <subfield code="x">&#xE1E;&#xE23;&#xE30;&#xE23;&#xE32;&#xE0A;&#xE01;&#xE23;&#xE13;&#xE35;&#xE22;&#xE01;&#xE34;&#xE08;</subfield>
    <subfield code="9">584</subfield>
  </datafield>
  <datafield tag="600" ind1="0" ind2="4">
    <subfield code="a">&#xE40;&#xE17;&#xE1E;&#xE23;&#xE31;&#xE15;&#xE19;&#xE23;&#xE32;&#xE0A;&#xE2A;&#xE38;&#xE14;&#xE32;&#xE40;&#xE08;&#xE49;&#xE32;&#xE1F;&#xE49;&#xE32;&#xE21;&#xE2B;&#xE32;&#xE08;&#xE31;&#xE01;&#xE23;&#xE35;&#xE2A;&#xE34;&#xE23;&#xE34;&#xE19;&#xE18;&#xE23;, </subfield>
    <subfield code="c">&#xE01;&#xE23;&#xE21;&#xE2A;&#xE21;&#xE40;&#xE14;&#xE47;&#xE08;&#xE1E;&#xE23;&#xE30;, </subfield>
    <subfield code="d">2498- </subfield>
    <subfield code="9">50986</subfield>
  </datafield>
  <datafield tag="700" ind1="0" ind2=" ">
    <subfield code="a">&#xE1E;&#xE35;&#xE23;&#xE34;&#xE22;&#xE32; &#xE1E;&#xE07;&#xE29;&#xE4C;&#xE2A;&#xE32;&#xE23;&#xE34;&#xE01;&#xE31;&#xE19;</subfield>
    <subfield code="9">37345</subfield>
  </datafield>
  <datafield tag="700" ind1="1" ind2=" ">
    <subfield code="a">Viano, John </subfield>
    <subfield code="9">37342</subfield>
  </datafield>
  <datafield tag="700" ind1="1" ind2=" ">
    <subfield code="a">&#xE40;&#xE27;&#xE35;&#xE22;&#xE42;&#xE19;, &#xE08;&#xE2D;&#xE2B;&#xE19;&#xE4C;</subfield>
    <subfield code="9">37343</subfield>
  </datafield>
  <datafield tag="700" ind1="0" ind2=" ">
    <subfield code="a">&#xE40;&#xE09;&#xE25;&#xE34;&#xE21; &#xE2D;&#xE31;&#xE04;&#xE04;&#xE30;&#xE1E;&#xE39;</subfield>
    <subfield code="9">37339</subfield>
  </datafield>
  <datafield tag="700" ind1="0" ind2=" ">
    <subfield code="a">&#xE27;&#xE34;&#xE20;&#xE32;&#xE27;&#xE35; &#xE08;&#xE31;&#xE19;&#xE17;&#xE23;&#xE27;&#xE07;&#xE28;&#xE4C;</subfield>
    <subfield code="9">63318</subfield>
  </datafield>
  <datafield tag="710" ind1="2" ind2=" ">
    <subfield code="a">&#xE1D;&#xE48;&#xE32;&#xE22;&#xE27;&#xE34;&#xE0A;&#xE32;&#xE01;&#xE32;&#xE23;&#xE2A;&#xE16;&#xE32;&#xE1E;&#xE23;&#xE1A;&#xE38;&#xE4A;&#xE04;&#xE2A;&#xE4C;</subfield>
    <subfield code="9">23923</subfield>
  </datafield>
  <datafield tag="942" ind1=" " ind2=" ">
    <subfield code="2">lcc</subfield>
    <subfield code="c">GB</subfield>
  </datafield>
  <datafield tag="996" ind1=" " ind2=" ">
    <subfield code="a">saiphon.d</subfield>
    <subfield code="b">CATSTF	</subfield>
    <subfield code="c">2024-03-11</subfield>
  </datafield>
  <datafield tag="999" ind1=" " ind2=" ">
    <subfield code="c">104806</subfield>
    <subfield code="d">104806</subfield>
  </datafield>
  <datafield tag="998" ind1=" " ind2=" ">
    <subfield code="j">104</subfield>
    <subfield code="k"> &#xE2A;&#xE32;&#xE22;&#xE1D;&#xE19;  &#xE14;&#xE35;&#xE07;&#xE32;&#xE21;</subfield>
  </datafield>
  <datafield tag="952" ind1=" " ind2=" ">
    <subfield code="0">0</subfield>
    <subfield code="1">0</subfield>
    <subfield code="2">lcc</subfield>
    <subfield code="4">0</subfield>
    <subfield code="7">0</subfield>
    <subfield code="8">CGBL</subfield>
    <subfield code="a">NALT</subfield>
    <subfield code="b">NALT</subfield>
    <subfield code="c">GEN</subfield>
    <subfield code="d">2024-02-28</subfield>
    <subfield code="e">192</subfield>
    <subfield code="l">0</subfield>
    <subfield code="o">DS 578.32 &#xE17;622&#xE21; 2566 &#xE25;.7</subfield>
    <subfield code="p">3961222709</subfield>
    <subfield code="r">2024-03-28 00:00:00</subfield>
    <subfield code="w">2024-02-28</subfield>
    <subfield code="y">GB</subfield>
  </datafield>
</record>
